| 000 | 00485nam a2200181Ia 4500 | ||
|---|---|---|---|
| 999 |
_c29102 _d29102 |
||
| 003 | OSt | ||
| 005 | 20201230151734.0 | ||
| 008 | 190216s9999||||xx |||||||||||||| ||und|| | ||
| 020 | _a9788126408993 | ||
| 040 | _coclc | ||
| 082 |
_a610 _bAPP/R |
||
| 100 |
_aAppan, K P _96949 |
||
| 245 | 0 |
_aRogavum Sahithyabhavanayum / _cK P Appan |
|
| 260 |
_bDc Books, _aKottayam: _c2004. |
||
| 300 | _a100p | ||
| 650 | _aPadanam | ||
| 942 |
_cBK _2ddc _h610 _iAPP/R _k610 _mAPP/R |
||